Problems in quantum mechanics: with solutions
Gorde:
| Egile nagusia: | |
|---|---|
| Formatua: | Liburua |
| Hizkuntza: | ingelesa |
| Argitaratua: |
Cambridge
Cambridge University
1995
|
| Gaiak: | |
| Etiketak: |
Etiketa erantsi
Etiketarik gabe, Izan zaitez lehena erregistro honi etiketa jartzen!
|
MARC
| LEADER | 00000nam a2200000 a 4500 | ||
|---|---|---|---|
| 001 | UCM3635 | ||
| 003 | CL-VaPUC | ||
| 008 | 020712e19950000uk |||||||||||||||||eng|d | ||
| 082 | 0 | 4 | |a 530.12 |b SQU |2 21 |
| 100 | 0 | |a Squires, G. L |e author |9 470341 | |
| 245 | 1 | 0 | |a Problems in quantum mechanics: with solutions |
| 300 | |a 254 p | ||
| 942 | |c BK | ||
| 945 | |d 20020712 00:00:00 |a cmena | ||
| 260 | |a Cambridge |b Cambridge University |c 1995 | ||
| 650 | 0 | |a Mecánica cuántica |9 306806 | |
| 583 | |a last modification |c 20130806 04:13:07 |k Rodrigo Vera | ||
| 999 | |c 300839 |d 300837 | ||
| 952 | |0 0 |1 0 |4 0 |6 530_120000000000000_SQU_1995 |7 0 |8 A |9 359203 |a BIBCUR |b BIBCUR |d 2019-11-21 |i 3828875 |l 2 |m 1 |o 530.12 SQU 1995 |p 3828875 |r 2025-05-06 |s 2025-04-22 |w 2019-11-21 |y BK |k FIS | ||